<?xml version="1.0" encoding="UTF-8" ?>
<collection xmlns="http://www.loc.gov/MARC21/slim"><record><leader>00897nam a2200241 c 4500</leader><controlfield tag="001">175272</controlfield><controlfield tag="003">CH-000273-5</controlfield><controlfield tag="005">20180717165032.0</controlfield><datafield tag="035" ind1=" " ind2=" "><subfield code="a">(OCoLC)310682052</subfield></datafield><datafield tag="040" ind1=" " ind2=" "><subfield code="a">CH-000273-5</subfield><subfield code="b">ger</subfield><subfield code="e">rda</subfield></datafield><datafield tag="041" ind1=" " ind2=" "><subfield code="a">ger</subfield></datafield><datafield tag="100" ind1="1" ind2="0"><subfield code="0">(DE-588)118665855</subfield><subfield code="a">Ball-Hennings, Emmy</subfield><subfield code="d">1885-1948</subfield><subfield code="e">Verfasser</subfield><subfield code="4">aut</subfield></datafield><datafield tag="245" ind1="0" ind2="4"><subfield code="a">Das Brandmal</subfield><subfield code="b">ein Tagebuch</subfield><subfield code="c">von Emmy Hennings</subfield></datafield><datafield tag="264" ind1="0" ind2="1"><subfield code="a">Berlin</subfield><subfield code="b">Erich Reiß Verlag</subfield><subfield code="c">[1920]</subfield></datafield><datafield tag="300" ind1=" " ind2=" "><subfield code="a">326 Seiten</subfield><subfield code="c">18,7 cm</subfield></datafield><datafield tag="336" ind1=" " ind2=" "><subfield code="a">Text</subfield><subfield code="b">txt</subfield><subfield code="2">rdacontent</subfield></datafield><datafield tag="337" ind1=" " ind2=" "><subfield code="a">ohne Hilfsmittel zu benutzen</subfield><subfield code="b">n</subfield><subfield code="2">rdamedia</subfield></datafield><datafield tag="338" ind1=" " ind2=" "><subfield code="a">Band</subfield><subfield code="b">nc</subfield><subfield code="2">rdacarrier</subfield></datafield><datafield tag="546" ind1=" " ind2=" "><subfield code="a">In Fraktur</subfield></datafield><datafield tag="562" ind1=" " ind2=" "><subfield code="a">Mit 2 Exlibris auf den Buchdeckelinnenseiten vorne und hinten: &quot;Meine Bücher Paul Neubert&quot;</subfield></datafield><datafield tag="610" ind1="2" ind2="7"><subfield code="a">Kunsthaus Zürich</subfield><subfield code="x">Dadaismus</subfield><subfield code="x">Sammlung</subfield><subfield code="2">gnd</subfield></datafield><datafield tag="852" ind1="4" ind2="0"><subfield code="a">CH-000273-5</subfield><subfield code="c">DADA I:114</subfield></datafield><datafield tag="856" ind1="4" ind2="1"><subfield code="u">https://digital.kunsthaus.ch:443/viewer/image/175272/1/</subfield><subfield code="y">Kunsthaus Zürich Sammlungen online</subfield></datafield></record></collection>